000 00469cam a2200181ua 4500
001 1718
008 110716n ii |||gr||||Z||||||eng
040 _cMAIN
082 _a330
100 _aMehta, Asoka,
245 1 _aEconomic revolution of our time
_cby Asoka mehta
250 _a1st.
260 _aChandigarh:
_bPanjab university publication bureau,966.
300 _a56p:
_c23cm.
653 _aEconomics
653 _aeconomic revolution of our time
942 _cBK
999 _c1602
_d1602